00251nam a2200097Ia 4500008004100000100001800041245003800059260003500097260000900132546001200141170619s9999 xx 000 0 und d aAswathappa- K 0aEssential of business environment bNew Delhi Himalaya Publication c2006 aENGLISH